[Event "TCh-TUR Super League 2018"]
[Site "Ankara TUR"]
[Date "2018.08.01"]
[Round "8.3.3"]
[White "Kitir, Ahmet"]
[Black "Solak, Dragan"]
[Result "0-1"]
[BlackTitle "GM"]
[WhiteElo "2020"]
[BlackElo "2603"]
[WhiteTeam "DARUSSAFAKA SPOR KULUBU"]
[BlackTeam "HATAY BUYUKSEHIR BELEDIYESI GENCLIK SPOR KULUBU"]
[WhiteFideId "6327737"]
[BlackFideId "916811"]
[EventDate "2018.07.25"]

1. e4 c5 2. Nf3 e6 3. b3 b6 4. Bd3 Nc6 5. c4 d6 6. O-O g6 7. Bb2 e5 8. Nc3 Bg7
9. Nd5 Nge7 10. Nxe7 Qxe7 11. Ne1 O-O 12. Nc2 f5 13. exf5 gxf5 14. Re1 Bb7 15.
Re3 Rf6 16. Qh5 Qf7 17. Rh3 Qxh5 18. Rxh5 Raf8 19. Re1 Nd4 20. Ne3 e4 21. Bb1
Rh6 22. Rg5 Rg6 23. Rxg6 hxg6 24. Bc3 b5 25. cxb5 Nxb5 26. Bxg7 Kxg7 27. d3 Nc3
28. dxe4 fxe4 29. Nc2 Ba6 30. f3 exf3 31. gxf3 Rxf3 32. b4 Kh6 33. Kg2 Rd3 34.
Na3 Nxb1 35. Nxb1 cxb4 36. Kf2 Bc4 37. Re2 Rh3 38. Re4 d5 39. Rd4 Rxh2+ 40. Ke3
Rxa2 41. Nd2 Ra3+ 0-1

[Event "TCh-TUR Super League 2018"]
[Site "Ankara TUR"]
[Date "2018.08.01"]
[Round "8.3.4"]
[White "Esen, Baris"]
[Black "Demirel, Ali Yagmur"]
[Result "1-0"]
[WhiteTitle "GM"]
[WhiteElo "2487"]
[BlackElo "1719"]
[WhiteTeam "HATAY BUYUKSEHIR BELEDIYESI GENCLIK SPOR KULUBU"]
[BlackTeam "DARUSSAFAKA SPOR KULUBU"]
[WhiteFideId "6302114"]
[BlackFideId "6372414"]
[EventDate "2018.07.25"]

1. d4 Nf6 2. c4 g6 3. Nf3 Bg7 4. g3 O-O 5. Bg2 d6 6. Nc3 Nc6 7. O-O a6 8. Bf4
Rb8 9. Rc1 h6 10. d5 e5 11. dxe6 Bxe6 12. b3 g5 13. Bd2 Re8 14. h4 g4 15. Ne1
Ne5 16. Nd5 c6 17. Nf4 Bf5 18. Bb4 c5 19. Bc3 Ne4 20. Ba1 b5 21. Nc2 bxc4 22.
Ne3 Bh7 23. Nxc4 Nxc4 24. Rxc4 Bxa1 25. Qxa1 Nd2 26. Nh5 Re5 27. Rxg4+ Kf8 28.
Rd1 Bg6 29. Rxg6 fxg6 30. Nf4 1-0

[Event "TCh-TUR Super League 2018"]
[Site "Ankara TUR"]
[Date "2018.08.01"]
[Round "8.3.5"]
[White "Buksa, Nataliya"]
[Black "Muzychuk, Mariya"]
[Result "1/2-1/2"]
[WhiteTitle "WGM"]
[BlackTitle "GM"]
[WhiteElo "2337"]
[BlackElo "2521"]
[WhiteTeam "DARUSSAFAKA SPOR KULUBU"]
[BlackTeam "HATAY BUYUKSEHIR BELEDIYESI GENCLIK SPOR KULUBU"]
[WhiteFideId "14123622"]
[BlackFideId "14114550"]
[EventDate "2018.07.25"]

1. e4 c5 2. Nf3 e6 3. d4 cxd4 4. Nxd4 Nc6 5. Nc3 Qc7 6. Be2 a6 7. O-O b5 8. Nxc6
dxc6 9. Be3 e5 10. a4 b4 11. Nb1 Nf6 12. Nd2 Be6 13. f3 Nd7 14. Bc4 Bc5 15. Bxc5
Nxc5 16. Qe2 O-O 17. Nb3 Qa7 18. Kh1 Rfd8 19. Nxc5 Qxc5 20. Bxa6 Rd4 21. Rfd1
Rad8 22. h3 Qd6 23. Rxd4 Qxd4 24. Qd3 Qb6 25. a5 Qc7 26. Qe3 Ra8 27. Qe2 g6 28.
b3 Kg7 29. Kh2 Kf6 30. Ra4 c5 31. Ra1 Ke7 32. Qb5 Rb8 33. Qd3 Ra8 34. Rd1 Ra7
35. Ra1 Ra8 36. Kg3 h5 37. h4 Rd8 38. Qe3 Ra8 39. Bb5 Rxa5 40. Rxa5 Qxa5 41.
Qxc5+ Kf6 42. Kh2 Qa3 43. Bd3 Qc1 44. Qxb4 Qf4+ 45. g3 Qxf3 46. Qc5 Bxb3 47.
cxb3 1/2-1/2

[Event "TCh-TUR Super League 2018"]
[Site "Ankara TUR"]
[Date "2018.08.01"]
[Round "8.3.6"]
[White "Alekseenko, Kirill"]
[Black "Unat, Can Haktan"]
[Result "1-0"]
[WhiteTitle "GM"]
[BlackTitle "CM"]
[WhiteElo "2627"]
[BlackElo "2047"]
[WhiteTeam "HATAY BUYUKSEHIR BELEDIYESI GENCLIK SPOR KULUBU"]
[BlackTeam "DARUSSAFAKA SPOR KULUBU"]
[WhiteFideId "4135539"]
[BlackFideId "6398073"]
[EventDate "2018.07.25"]

1. e4 c5 2. Nc3 e6 3. g3 d5 4. d3 Nf6 5. Bg2 dxe4 6. dxe4 Qxd1+ 7. Nxd1 Nc6 8.
Ne2 Be7 9. f4 e5 10. c3 b6 11. Ne3 Bb7 12. Nd5 O-O 13. O-O exf4 14. Bxf4 Rae8
15. Rad1 c4 16. Nxf6+ Bxf6 17. Rd7 Bc8 18. Rc7 Bg4 19. Rxc6 Bxe2 20. Re1 Bd3 21.
Bd6 Be7 22. e5 Bxd6 23. Rxd6 Bf5 24. Bd5 Be6 25. Re4 b5 26. Kf2 Re7 27. Ke3 Rc8
28. Rd4 Bh3 29. Kf4 g5+ 30. Kxg5 Rxe5+ 31. Kh6 Bf5 32. g4 Bg6 33. h4 Rf8 34. Rf4
Re7 35. h5 Bd3 36. g5 Kh8 37. Rxf7 Rexf7 38. Bxf7 a5 39. g6 hxg6 40. hxg6 Bxg6
41. Kxg6 Rc8 42. Re6 b4 43. Re5 1-0

[Event "TCh-TUR Super League 2018"]
[Site "Ankara TUR"]
[Date "2018.08.01"]
[Round "8.4.1"]
[White "Mamedov, Rauf"]
[Black "Inarkiev, Ernesto"]
[Result "1/2-1/2"]
[WhiteTitle "GM"]
[BlackTitle "GM"]
[WhiteElo "2708"]
[BlackElo "2684"]
[WhiteTeam "BESIKTAS JIMNASTIK KULUBU"]
[BlackTeam "DENIZ SU AQUAMATCH SATRANC GENCLIK VE SPOR KULUBU DERNEGI"]
[WhiteFideId "13401653"]
[BlackFideId "4162722"]
[EventDate "2018.07.25"]

1. e4 e5 2. Nf3 Nc6 3. d4 exd4 4. Bc4 Nf6 5. e5 Ng4 6. O-O Be7 7. Re1 d6 8. exd6
Qxd6 9. b3 O-O 10. Ba3 Qd8 11. Bxe7 Nxe7 12. Qxd4 Qxd4 13. Nxd4 Nf5 14. Nxf5
Bxf5 15. Re7 Rac8 16. Nc3 Bxc2 17. Bd5 b6 18. Bb7 Rcd8 19. h3 Nf6 20. Rc1 Bd3
21. Rxc7 h6 22. Rd1 Rfe8 23. Bc6 Re6 24. b4 Kf8 25. Bb5 Red6 26. Rxa7 Bxb5 27.
Rxd6 Rxd6 28. Nxb5 Rd1+ 29. Kh2 Rd2 30. a4 Rb2 31. Nd6 Rxb4 32. Rxf7+ Kg8 33.
Ra7 g6 34. Nc8 g5 35. Ne7+ Kf8 36. Ng6+ Kg8 37. Ne7+ Kf8 38. f3 h5 39. Nc6 Rb2
40. Rb7 Nd5 41. a5 Ne3 42. Rb8+ Kg7 43. Re8 Nxg2 44. a6 Nh4+ 45. Kg1 Nxf3+ 46.
Kf1 Nh2+ 47. Ke1 Nf3+ 48. Kd1 Rd2+ 49. Kc1 Ra2 50. a7 Nd4 51. Kb1 Ra6 52. Nxd4
Rxa7 53. Re5 Kf6 54. Rf5+ Kg6 55. Rb5 Ra3 56. Rxb6+ Kf7 57. Nb3 g4 58. hxg4 hxg4
59. Rb4 g3 60. Rf4+ Ke6 61. Kb2 g2 62. Rg4 Ra8 63. Rxg2 Rc8 64. Rg5 Kd6 65. Nd2
Ke6 66. Kb3 Rc1 67. Nc4 Kf6 68. Ra5 Ke6 69. Kb4 Kf6 70. Rd5 Ke6 71. Kc5 Kf6 72.
Rd2 Ke6 73. Re2+ Kf6 74. Kd5 Rd1+ 75. Nd2 Ra1 76. Ne4+ Ke7 77. Nd6+ Kd7 78. Nc4
Rd1+ 79. Kc5 Rc1 80. Re3 Rc2 81. Kd5 Rc1 82. Ne5+ Kc7 83. Rh3 Rd1+ 84. Nd3 Kb6
85. Kc4 Kc7 86. Rh6 Kd7 87. Nc5+ Ke7 88. Kb5 Rf1 89. Re6+ Kf7 90. Re2 Rd1 91.
Kc6 Kf6 92. Re3 Rd8 93. Re1 Kf5 94. Ne4 Rd3 95. Kc5 Kf4 96. Nd6 Re3 97. Ra1 Rd3
98. Ra4+ Kf3 99. Nf5 Rd1 100. Nd4+ Ke4 101. Rc4 Ke5 102. Nf3+ Kf5 103. Rc2 Ke4
104. Rc3 Rd8 105. Ng5+ Kf5 106. Nf7 Rc8+ 107. Kd4 Rxc3 108. Kxc3 1/2-1/2

[Event "TCh-TUR Super League 2018"]
[Site "Ankara TUR"]
[Date "2018.08.01"]
[Round "8.4.2"]
[White "Kovalev, Vladislav"]
[Black "Safarli, Eltaj"]
[Result "1/2-1/2"]
[WhiteTitle "GM"]
[BlackTitle "GM"]
[WhiteElo "2655"]
[BlackElo "2667"]
[WhiteTeam "DENIZ SU AQUAMATCH SATRANC GENCLIK VE SPOR KULUBU DERNEGI"]
[BlackTeam "BESIKTAS JIMNASTIK KULUBU"]
[WhiteFideId "13504398"]
[BlackFideId "13402129"]
[EventDate "2018.07.25"]

1. e4 e5 2. Nf3 Nf6 3. d4 Nxe4 4. Bd3 d5 5. Nxe5 Nd7 6. Nxd7 Bxd7 7. O-O Bd6 8.
c4 c6 9. cxd5 cxd5 10. Nc3 Nxc3 11. bxc3 O-O 12. Qh5 g6 13. Qxd5 Qc7 14. g3 Be6
15. Qf3 Qxc3 16. Rb1 Bc4 17. Bh6 Rfd8 18. Qf6 Bf8 19. Bxc4 Qxc4 20. Bxf8 Rxf8
21. Rfd1 Qxa2 22. d5 a5 23. d6 a4 24. Rxb7 a3 25. d7 Qe6 26. d8=Q Raxd8 27. Qxd8
Rxd8 28. Rxd8+ Kg7 29. Ra7 a2 30. Rda8 Qe1+ 1/2-1/2

[Event "TCh-TUR Super League 2018"]
[Site "Ankara TUR"]
[Date "2018.08.01"]
[Round "8.4.3"]
[White "Gledura, Benjamin"]
[Black "Erdogdu, Mert"]
[Result "1/2-1/2"]
[WhiteTitle "GM"]
[BlackTitle "GM"]
[WhiteElo "2626"]
[BlackElo "2411"]
[WhiteTeam "BESIKTAS JIMNASTIK KULUBU"]
[BlackTeam "DENIZ SU AQUAMATCH SATRANC GENCLIK VE SPOR KULUBU DERNEGI"]
[WhiteFideId "712779"]
[BlackFideId "6301495"]
[EventDate "2018.07.25"]

1. Nf3 d5 2. d4 e6 3. c4 c5 4. cxd5 exd5 5. g3 Nc6 6. Bg2 Nf6 7. O-O Be7 8. dxc5
Bxc5 9. Qc2 Bb6 10. Nc3 O-O 11. Na4 Re8 12. Nxb6 Qxb6 13. b3 Be6 14. Bb2 d4 15.
Rad1 Rad8 16. Ng5 Bg4 17. Rfe1 h6 18. Nf3 Ne4 19. e3 Nb4 20. Qb1 d3 21. Nd4 Bxd1
22. Rxd1 Qa5 23. a3 Nc2 24. b4 Qh5 25. Rxd3 Nxd4 26. Bxd4 Qf5 27. Bxe4 Qxe4 28.
b5 a6 29. a4 Rc8 30. Rb3 Qf3 31. bxa6 bxa6 32. a5 Rc6 33. h4 Rec8 34. Rb8 h5 35.
Rxc8+ Rxc8 36. Qf1 Rc2 37. Qg2 Qxg2+ 38. Kxg2 Ra2 39. Bb6 f6 40. Kf3 Kf7 41. e4
Ke6 42. Kf4 Ra4 43. f3 Ra1 44. Bd8 Rc1 45. Bb6 Rc8 46. Bd4 Rc4 47. Bb6 Rb4 48.
g4 Rb5 49. Bd8 g6 50. Bb6 Kd7 51. Kg3 Ke6 52. Kf4 Rb1 53. g5 f5 54. exf5+ gxf5
55. Kg3 Rb4 56. Bc7 Ra4 57. Bb6 f4+ 58. Kg2 Ra2+ 59. Kf1 Rc2 60. Kg1 Kd5 61. Kf1
Ke6 62. Kg1 Rc6 63. Kf2 Kf5 64. Kf1 Rc3 65. Kf2 Ra3 66. Kg2 Ra2+ 67. Kf1 Rc2 68.
Bd8 Rh2 69. Bb6 Rc2 70. Bd8 Rc8 71. Bb6 Re8 72. Kf2 Re7 73. Kf1 Re6 74. Kf2 Rc6
75. Kf1 Ke5 76. Kf2 Kd5 77. Ba7 Rc8 78. Bb6 Kc4 79. Ke2 Rc6 80. Ba7 Rc8 81. Bb6
Kc3 82. Kf2 Kd3 83. Kf1 Rc2 84. Ba7 Rc1+ 85. Kf2 Rc2+ 86. Kf1 Rc7 87. Bb6 Rc6
88. Kf2 Rc2+ 89. Kf1 Rc1+ 90. Kf2 1/2-1/2

[Event "TCh-TUR Super League 2018"]
[Site "Ankara TUR"]
[Date "2018.08.01"]
[Round "8.4.7"]
[White "Isik, Alparslan"]
[Black "Shevchenko, Kirill"]
[Result "1/2-1/2"]
[WhiteTitle "FM"]
[BlackTitle "GM"]
[WhiteElo "2212"]
[BlackElo "2554"]
[WhiteTeam "BESIKTAS JIMNASTIK KULUBU"]
[BlackTeam "DENIZ SU AQUAMATCH SATRANC GENCLIK VE SPOR KULUBU DERNEGI"]
[WhiteFideId "34506896"]
[BlackFideId "14129574"]
[EventDate "2018.07.25"]

1. d4 Nf6 2. c4 g6 3. Nc3 Bg7 4. e4 d6 5. Nf3 O-O 6. Be2 e5 7. O-O Na6 8. Re1 c6
9. d5 Nc5 10. Qc2 cxd5 11. cxd5 Qc7 12. Nb5 Qe7 13. Bg5 h6 14. Bxf6 Bxf6 15.
Rac1 Na6 16. Qc3 Bd7 17. Qa3 Bxb5 18. Bxb5 Nc7 19. Qa5 Nxb5 20. Qxb5 Rfc8 21.
Rc4 Rc7 22. Rec1 Rac8 23. g3 h5 24. h4 Rxc4 25. Rxc4 Rxc4 26. Qxc4 Qd7 27. Kg2
Bd8 28. a4 Kf8 29. Qb4 Ke8 30. Nd2 Bxh4 31. gxh4 Qg4+ 32. Kf1 Qd1+ 33. Kg2 Qg4+
34. Kf1 Qd1+ 35. Kg2 1/2-1/2

[Event "TCh-TUR Super League 2018"]
[Site "Ankara TUR"]
[Date "2018.08.01"]
[Round "8.5.1"]
[White "Nihal, Sarin"]
[Black "Zhigalko, Sergei"]
[Result "1/2-1/2"]
[WhiteTitle "IM"]
[BlackTitle "GM"]
[WhiteElo "2551"]
[BlackElo "2616"]
[WhiteTeam "GENC AKADEMISYENLER EGITIM KULTUR VE ARASTIRMA KULUBU"]
[BlackTeam "KAHRAMANMARAS BUYUKSEHIR BELEDIYESI GENCLIK VE SPOR KULUBU DERNEGI"]
[WhiteFideId "25092340"]
[BlackFideId "13502956"]
[EventDate "2018.07.25"]

1. Nf3 Nf6 2. c4 e6 3. Nc3 Bb4 4. Qc2 O-O 5. a3 Bxc3 6. Qxc3 d6 7. b4 e5 8. g3
Bd7 9. d3 e4 10. dxe4 Nxe4 11. Qd4 Re8 12. Bb2 f6 13. Bg2 Nc6 14. Qd5+ Kh8 15.
h4 Qe7 16. O-O Nd8 17. Qd4 Nf7 18. Rad1 Nh6 19. Nd2 Bc6 20. Nxe4 Bxe4 21. f3 Bc2
22. Rd2 Ba4 23. e4 a6 24. Rc1 Nf7 25. Qc3 c5 26. Bf1 Bd7 27. bxc5 dxc5 28. Qa5
Be6 29. Rcd1 h6 30. Qb6 Rac8 1/2-1/2

[Event "TCh-TUR Super League 2018"]
[Site "Ankara TUR"]
[Date "2018.08.01"]
[Round "8.5.5"]
[White "Mamedjarova, Zeinab"]
[Black "Badelka, Olga"]
[Result "1-0"]
[WhiteTitle "WGM"]
[BlackTitle "WIM"]
[WhiteElo "2345"]
[BlackElo "2407"]
[WhiteTeam "GENC AKADEMISYENLER EGITIM KULTUR VE ARASTIRMA KULUBU"]
[BlackTeam "KAHRAMANMARAS BUYUKSEHIR BELEDIYESI GENCLIK VE SPOR KULUBU DERNEGI"]
[WhiteFideId "13401521"]
[BlackFideId "13509926"]
[EventDate "2018.07.25"]

1. d4 Nf6 2. Nf3 e6 3. Nbd2 d5 4. e3 c5 5. dxc5 Bxc5 6. a3 a5 7. b3 O-O 8. Bb2
Nc6 9. Bb5 Qe7 10. O-O Bd6 11. c4 Na7 12. Ba4 dxc4 13. Nxc4 Bc7 14. Nd4 Rd8 15.
Qe2 e5 16. Nb5 Nxb5 17. Bxb5 e4 18. h3 Rd5 19. a4 Rg5 20. f4 exf3 21. Rxf3 Be6
22. Ba3 Bxc4 23. Bxe7 Bxe2 24. Bxe2 Re8 25. Ba3 Bb6 26. Kh1 Bc5 27. Bb2 Ne4 28.
Bc4 Nd6 29. Bf1 Rd5 30. Re1 b6 31. Rg3 Nf5 32. Rf3 Rxe3 33. Rfxe3 Nxe3 34. Bc1
Rd1 35. Rxd1 Nxd1 36. Be2 Nc3 37. Bd3 h6 38. g4 Nd5 39. Bc4 Nc7 40. Kg2 Kf8 41.
Kf3 Ke7 42. Ke4 Ne6 43. Kd5 g5 44. Ke4 Nc7 45. Bb2 Ne8 46. Kd5 f6 47. Bc3 f5 48.
gxf5 Nf6+ 49. Kc6 Ne4 50. Be5 h5 51. Bd3 Nf2 52. Bf1 Ne4 53. Bg2 Nd2 54. Bd5 Kf8
55. Kd7 Nf1 56. Bh8 Ng3 57. f6 Nf5 58. Be6 g4 59. hxg4 hxg4 60. Bxf5 g3 61. Be6 1-0

[Event "TCh-TUR Super League 2018"]
[Site "Ankara TUR"]
[Date "2018.08.01"]
[Round "8.6.1"]
[White "Kuzubov, Yuriy"]
[Black "Goganov, Aleksey"]
[Result "1-0"]
[WhiteTitle "GM"]
[BlackTitle "GM"]
[WhiteElo "2660"]
[BlackElo "2576"]
[WhiteTeam "TARSUS ZEKA SATRANC KULUBU"]
[BlackTeam "TAS DUVAR SPOR KULUBU DERNEGI"]
[WhiteFideId "14112906"]
[BlackFideId "24109959"]
[EventDate "2018.07.25"]

1. d4 d5 2. c4 c6 3. Nf3 Nf6 4. e3 Bg4 5. Nc3 e6 6. h3 Bh5 7. Qb3 Qb6 8. Nh4
Nbd7 9. g4 Bg6 10. Nxg6 hxg6 11. Bg2 g5 12. Bd2 Be7 13. O-O-O Qxb3 14. axb3
O-O-O 15. Rhf1 Nf8 16. f4 gxf4 17. Rxf4 Ng6 18. Rf2 Nh4 19. Bh1 Rdf8 20. Rdf1
Ng6 21. cxd5 exd5 22. g5 Nh7 23. e4 Bxg5 24. Rxf7 Bxd2+ 25. Kxd2 Ng5 26. Rxf8+
Nxf8 27. exd5 cxd5 28. Bxd5 Nfe6 29. Bxe6+ Nxe6 30. d5 Ng5 31. Rf5 Nxh3 32. Ne4
g5 33. Rf7 Rd8 34. d6 Rd7 35. Rf8+ Rd8 36. Rf7 Rd7 37. Rf6 Nf4 38. Nxg5 Nd5 39.
Rh6 b6 40. Kd3 Kb7 41. Nf3 Ne7 42. Ke4 Nc8 43. Ke5 Kc6 44. Nd4+ Kc5 45. Rh3 Nxd6
46. Rc3+ Kb4 47. Ke6 Rh7 48. Kxd6 Rh2 49. Rc4+ 1-0

[Event "TCh-TUR Super League 2018"]
[Site "Ankara TUR"]
[Date "2018.08.02"]
[Round "9.1.1"]
[White "Zhigalko, Sergei"]
[Black "Kuzubov, Yuriy"]
[Result "1/2-1/2"]
[WhiteTitle "GM"]
[BlackTitle "GM"]
[WhiteElo "2616"]
[BlackElo "2660"]
[WhiteTeam "KAHRAMANMARAS BUYUKSEHIR BELEDIYESI GENCLIK VE SPOR KULUBU DERNEGI"]
[BlackTeam "TARSUS ZEKA SATRANC KULUBU"]
[WhiteFideId "13502956"]
[BlackFideId "14112906"]
[EventDate "2018.07.25"]

1. e4 e5 2. Nf3 Nf6 3. Nxe5 d6 4. Nf3 Nxe4 5. d4 d5 6. Bd3 Be7 7. O-O Bf5 8. Re1
O-O 9. c4 Nc6 10. cxd5 Qxd5 11. Nc3 Nxc3 12. bxc3 Bxd3 13. Qxd3 Rae8 14. Bf4 Bd6
15. c4 Qh5 16. Bxd6 cxd6 17. Qa3 Qa5 18. Qxd6 Rxe1+ 19. Rxe1 Rd8 20. Re2 g6 21.
Qf6 Qc3 22. h3 Qxc4 23. Ne5 Qe6 24. Qxe6 fxe6 25. Nxc6 bxc6 26. Rxe6 Rxd4 27.
Rxc6 Ra4 28. Rc2 g5 29. Kf1 Kf7 30. Ke2 Kf6 31. Kd3 Ra3+ 32. Kc4 a5 33. Kb5 h5
34. Kb6 h4 35. Rc6+ Kf7 36. Rc2 Kf6 37. Ka6 Kg6 38. Rd2 Kf6 39. Kb6 Ke6 40. Kc5
Ke5 41. Re2+ Kf6 42. Kd5 1/2-1/2

[Event "TCh-TUR Super League 2018"]
[Site "Ankara TUR"]
[Date "2018.08.02"]
[Round "9.1.2"]
[White "Kevlishvili, Robby"]
[Black "Kanmazalp, Ogulcan"]
[Result "1/2-1/2"]
[WhiteTitle "IM"]
[BlackTitle "IM"]
[WhiteElo "2502"]
[BlackElo "2481"]
[WhiteTeam "TARSUS ZEKA SATRANC KULUBU"]
[BlackTeam "KAHRAMANMARAS BUYUKSEHIR BELEDIYESI GENCLIK VE SPOR KULUBU DERNEGI"]
[WhiteFideId "1040634"]
[BlackFideId "6304990"]
[EventDate "2018.07.25"]

1. e4 e6 2. d4 d5 3. exd5 exd5 4. Nf3 Bd6 5. c4 Nf6 6. Nc3 O-O 7. c5 Be7 8. Bd3
b6 9. cxb6 axb6 10. Ne5 c5 11. O-O cxd4 12. Nb5 Ne4 13. Nxd4 Bf6 14. Nef3 Bg4
15. Be3 Nd7 16. Be2 Ndc5 17. Ne1 Bxe2 18. Qxe2 Bxd4 19. Bxd4 Nb3 20. Rd1 Nxd4
21. Rxd4 Rxa2 22. Nf3 Nf6 23. Qc2 Qd6 24. Rfd1 Rfa8 25. Qb3 h6 26. g3 Ra1 27.
Kg2 Qc5 28. R4d2 Rxd1 29. Qxd1 Rc8 30. Nd4 Qb4 31. Re2 Rc4 32. Nf3 Qc5 33. Ne5
Rc1 34. Qa4 Qa5 35. Qxa5 bxa5 36. Kf3 g5 37. Ng4 Kg7 38. Ne3 h5 39. Rd2 Rc5 40.
h4 g4+ 41. Kf4 Kg6 42. Ke5 Rb5 43. Ng2 Rb4 44. Nf4+ Kg7 45. Rc2 Rb5 1/2-1/2

[Event "TCh-TUR Super League 2018"]
[Site "Ankara TUR"]
[Date "2018.08.02"]
[Round "9.1.3"]
[White "Benidze, Davit"]
[Black "Kerigan, Demre"]
[Result "1-0"]
[WhiteTitle "GM"]
[BlackTitle "IM"]
[WhiteElo "2487"]
[BlackElo "2366"]
[WhiteTeam "KAHRAMANMARAS BUYUKSEHIR BELEDIYESI GENCLIK VE SPOR KULUBU DERNEGI"]
[BlackTeam "TARSUS ZEKA SATRANC KULUBU"]
[WhiteFideId "13603086"]
[BlackFideId "6307841"]
[EventDate "2018.07.25"]

1. Nf3 g6 2. g3 Bg7 3. Bg2 e5 4. d3 d6 5. c4 Nf6 6. Nc3 O-O 7. Rb1 a5 8. O-O Re8
9. a3 c6 10. Bg5 Nbd7 11. Qc2 h6 12. Bd2 Nb6 13. Rfc1 a4 14. Be3 Nfd7 15. Ne4
Bf8 16. Nxd6 Bxd6 17. c5 Nd5 18. cxd6 Nxe3 19. fxe3 Nf6 20. e4 Qxd6 21. Rf1 Ng4
22. Qc1 Qd8 23. h3 Qb6+ 24. d4 Nf6 25. Qxh6 Nxe4 26. Kh2 exd4 27. Nh4 Qb3 28.
Rf3 Qe6 29. Rbf1 Re7 30. Rf4 g5 31. Nf5 Qxh6 32. Nxh6+ Kg7 33. Rxf7+ 1-0

[Event "TCh-TUR Super League 2018"]
[Site "Ankara TUR"]
[Date "2018.08.02"]
[Round "9.1.5"]
[White "Badelka, Olga"]
[Black "Szczepkowska, Karina"]
[Result "1/2-1/2"]
[WhiteTitle "WIM"]
[BlackTitle "IM"]
[WhiteElo "2407"]
[BlackElo "2396"]
[WhiteTeam "KAHRAMANMARAS BUYUKSEHIR BELEDIYESI GENCLIK VE SPOR KULUBU DERNEGI"]
[BlackTeam "TARSUS ZEKA SATRANC KULUBU"]
[WhiteFideId "13509926"]
[BlackFideId "1122681"]
[EventDate "2018.07.25"]

1. c4 c5 2. Nf3 Nc6 3. d4 cxd4 4. Nxd4 Nf6 5. Nc3 e6 6. a3 Be7 7. e4 d6 8. Be2
O-O 9. Nf3 h6 10. O-O e5 11. Qd3 Be6 12. Nd5 Bg4 13. Be3 Nxd5 14. cxd5 Nb8 15.
Rac1 Nd7 16. Qb5 b6 17. b4 Nf6 18. Nd2 Bd7 19. Qd3 Ne8 20. Rc3 f5 21. exf5 Bxf5
22. Ne4 Kh8 23. f3 Nf6 24. Rfc1 Bg6 25. Rc7 Nxe4 26. fxe4 Bg5 27. Bf3 Bf4 28.
Bxf4 Rxf4 29. g3 Rf8 30. h4 Rf7 31. R7c3 Qf6 32. Rc8+ Rxc8 33. Rxc8+ Rf8 34.
Rxf8+ Qxf8 35. Bg4 Qf7 36. Qc4 h5 37. Be2 Qd7 38. Bf3 Qa4 39. Qc3 a5 40. bxa5
bxa5 41. Qd3 Kh7 42. Kf2 Kh8 43. Ke3 Kh7 44. Kf2 1/2-1/2

[Event "TCh-TUR Super League 2018"]
[Site "Ankara TUR"]
[Date "2018.08.02"]
[Round "9.1.6"]
[White "Gulden, Egemen"]
[Black "Yaran, Siar"]
[Result "0-1"]
[WhiteTitle "CM"]
[BlackTitle "CM"]
[WhiteElo "2085"]
[BlackElo "2261"]
[WhiteTeam "TARSUS ZEKA SATRANC KULUBU"]
[BlackTeam "KAHRAMANMARAS BUYUKSEHIR BELEDIYESI GENCLIK VE SPOR KULUBU DERNEGI"]
[WhiteFideId "6324983"]
[BlackFideId "6323006"]
[EventDate "2018.07.25"]

1. e4 e5 2. Nc3 Nc6 3. Nf3 Nf6 4. d4 d6 5. dxe5 Nxe5 6. Nxe5 dxe5 7. Qxd8+ Kxd8
8. Bg5 c6 9. Bxf6+ gxf6 10. O-O-O+ Ke7 11. Bd3 Rg8 12. Rhg1 Be6 13. Kb1 Kd6 14.
g4 Kc7 15. h3 b5 16. Rgf1 Bb4 17. Ne2 a5 18. f4 a4 19. f5 Bd7 20. Ng3 Be7 21. c4
Rgd8 22. Be2 Be8 23. Rxd8 Rxd8 24. Rd1 Rd4 25. cxb5 cxb5 26. Kc2 Kd6 27. Bf3 Kc5
28. Ne2 Rxd1 29. Kxd1 b4 30. b3 Bf8 31. Kc2 Bb5 32. Kd2 Bh6+ 33. Kc2 Bg5 34.
bxa4 Bxa4+ 35. Kd3 Bb5+ 36. Kc2 Kc4 37. Kb2 Kd3 38. Ng3 Ke3 39. Bd1 Bh4 40. Nh5
Bc4 41. Bc2 Bf1 42. Kb3 Kd2 43. Bb1 Bxh3 44. Kxb4 Bxg4 45. Ng7 h5 46. a4 Be1 47.
Nxh5 Bxh5 48. Kc5 Ke3 49. Kd6 Bb4+ 50. Kd7 Bd1 51. Ke8 Bb3 52. a5 Bxa5 53. Ke7
Be1 54. Kxf6 Kd4 55. Ke7 Bb4+ 56. Kf6 Bd6 57. Kg5 Kc3 58. Kf6 Bc4 0-1

[Event "TCh-TUR Super League 2018"]
[Site "Ankara TUR"]
[Date "2018.08.02"]
[Round "9.2.1"]
[White "Kovalev, Vladislav"]
[Black "Nihal, Sarin"]
[Result "1/2-1/2"]
[WhiteTitle "GM"]
[BlackTitle "IM"]
[WhiteElo "2655"]
[BlackElo "2551"]
[WhiteTeam "DENIZ SU AQUAMATCH SATRANC GENCLIK VE SPOR KULUBU DERNEGI"]
[BlackTeam "GENC AKADEMISYENLER EGITIM KULTUR VE ARASTIRMA KULUBU"]
[WhiteFideId "13504398"]
[BlackFideId "25092340"]
[EventDate "2018.07.25"]

1. e4 c5 2. Nc3 Nc6 3. Nf3 e6 4. d4 cxd4 5. Nxd4 Qc7 6. Be2 Nf6 7. O-O Be7 8.
Be3 O-O 9. f4 d6 10. Kh1 Nxd4 11. Qxd4 b6 12. Bf3 Bb7 13. a4 d5 14. exd5 Nxd5
15. Nxd5 Bxd5 16. Bxd5 exd5 17. Qd3 Bf6 18. c3 Rad8 19. Bd4 Bxd4 20. Qxd4 Rfe8
21. Rae1 Qc5 22. Qxc5 bxc5 23. Rxe8+ Rxe8 24. Rd1 a5 25. Kg1 Rd8 26. b4 axb4 27.
cxb4 cxb4 28. Rd4 Rb8 29. Rxd5 b3 30. Rd1 g6 31. a5 Ra8 1/2-1/2

[Event "TCh-TUR Super League 2018"]
[Site "Ankara TUR"]
[Date "2018.08.02"]
[Round "9.2.2"]
[White "Koksal, Ege"]
[Black "Erdogdu, Mert"]
[Result "1/2-1/2"]
[WhiteTitle "IM"]
[BlackTitle "GM"]
[WhiteElo "2378"]
[BlackElo "2411"]
[WhiteTeam "GENC AKADEMISYENLER EGITIM KULTUR VE ARASTIRMA KULUBU"]
[BlackTeam "DENIZ SU AQUAMATCH SATRANC GENCLIK VE SPOR KULUBU DERNEGI"]
[WhiteFideId "6317626"]
[BlackFideId "6301495"]
[EventDate "2018.07.25"]

1. d4 Nf6 2. Nf3 g6 3. g3 Bg7 4. Bg2 d5 5. c4 dxc4 6. Qa4+ Nfd7 7. O-O Nc6 8.
Qxc4 Nb6 9. Qc2 O-O 10. e3 a5 11. Nc3 a4 12. Rd1 Ra5 13. Bd2 Bf5 14. Ne4 Rb5 15.
Nh4 Bg4 16. Rdc1 Bc8 17. Nc5 Nxd4 18. exd4 Bxd4 19. Nd3 g5 20. Nf3 Bf5 21. Nxd4
Qxd4 22. Bf1 Rd8 23. Be3 Qd6 24. Bxb6 cxb6 25. Qxa4 Ra5 26. Qb3 Bxd3 27. Rd1 Rd5
28. Bxd3 Rxd3 29. Rxd3 Qxd3 30. Qxb6 Qd5 31. Rc1 Rd6 1/2-1/2